|
|
|
|
| LEADER |
01968nam a2200505 4500 |
| 001 |
ocn829460549 |
| 003 |
OCoLC |
| 005 |
20170124071738.5 |
| 006 |
m o d |
| 007 |
cr |n||||||||| |
| 008 |
130309s2013 enk o 001 0 eng d |
| 040 |
|
|
|a EBLCP
|b eng
|e rda
|e pn
|c EBLCP
|d OCLCQ
|d YDXCP
|d KLG
|d CUS
|d OCLCA
|d CUS
|d OCLCF
|d OCLCQ
|d GrThAP
|
| 020 |
|
|
|a 9781118514863
|
| 020 |
|
|
|a 1118514866
|
| 020 |
|
|
|a 9781118514870
|
| 020 |
|
|
|a 1118514874
|
| 020 |
|
|
|z 9781444337235
|
| 029 |
1 |
|
|a AU@
|b 000051816971
|
| 029 |
1 |
|
|a DEBBG
|b BV043395586
|
| 035 |
|
|
|a (OCoLC)829460549
|
| 050 |
|
4 |
|a PN1998.3.A45
|b C66 2013
|
| 082 |
0 |
4 |
|a 791.430233092
|a 791.43092
|
| 049 |
|
|
|a MAIN
|
| 245 |
0 |
2 |
|a A companion to Woody Allen /
|c edited by Peter J. Bailey and Sam B. Girgus.
|
| 250 |
|
|
|a First edition.
|
| 264 |
|
1 |
|a Chichester, West Sussex :
|b Wiley-Blackwell,
|c 2013.
|
| 300 |
|
|
|a 1 online resource (xii, 597 pages).
|
| 336 |
|
|
|a text
|b txt
|2 rdacontent
|
| 337 |
|
|
|a computer
|b c
|2 rdamedia
|
| 338 |
|
|
|a online resource
|b cr
|2 rdacarrier
|
| 490 |
1 |
|
|a Wiley-Blackwell Companions to Film Directors.
|
| 500 |
|
|
|a Edition statement from running title area.
|
| 500 |
|
|
|a Includes index.
|
| 588 |
0 |
|
|a Online resource; title from PDF title page (Wiley, viewed July 16, 2013).
|
| 600 |
1 |
0 |
|a Allen, Woody,
|d 1935-
|x Criticism and interpretation.
|
| 600 |
1 |
7 |
|a Allen, Woody,
|d 1935-
|2 fast
|0 (OCoLC)fst01897483
|
| 650 |
|
4 |
|a Allen, Woody
|x Criticism and interpretation.
|
| 655 |
|
4 |
|a Electronic books.
|
| 655 |
|
7 |
|a Criticism, interpretation, etc.
|2 fast
|0 (OCoLC)fst01411635
|
| 700 |
1 |
|
|a Bailey, Peter J.,
|d 1946-
|
| 700 |
1 |
|
|a Girgus, Sam B.,
|d 1941-
|
| 776 |
0 |
8 |
|i Print version:
|t Companion to Woody Allen.
|d Chichester, West Sussex : Wiley-Blackwell, 2013
|z 9781444337235
|w (DLC) 2012042384
|w (OCoLC)815374596
|
| 830 |
|
0 |
|a Wiley-Blackwell companions to film directors.
|
| 856 |
4 |
0 |
|u https://doi.org/10.1002/9781118514870
|z Full Text via HEAL-Link
|
| 994 |
|
|
|a 92
|b DG1
|